| 000 | 00510nam a2200169Ia 4500 | ||
|---|---|---|---|
| 003 | IN-BaIIA | ||
| 008 | 211028s9999 xx 000 0 eng d | ||
| 040 | _cIIA Library | ||
| 080 |
_a031 _bEBR-YB 67 |
||
| 100 |
_aDell, W. R. _95341 |
||
| 245 | 0 |
_aBritannica Book of the year 1967 _cW. R. Dell |
|
| 260 |
_aChicago _bUniversity of Chicago Press _c1967 |
||
| 300 | _a832p. | ||
| 650 |
_aEncyclopedia-year books _93952 |
||
| 650 | _aNASA Thesaurus | ||
| 942 | _cBK | ||
| 999 |
_c3002 _d3002 |
||